Normal view MARC view

Entry Topical Term

Number of records used in: 1

001 - CONTROL NUMBER

  • control field: 6058

003 - CONTROL NUMBER IDENTIFIER

  • control field: dpl

005 - DATE AND TIME OF LATEST TRANSACTION

  • control field: 20100804141336.0

008 - FIXED-LENGTH DATA ELEMENTS

  • fixed length control field: 100804|||a|||||| | ||| d

040 ## - CATALOGING SOURCE

  • Original cataloging agency: dpl
  • Transcribing agency: dpl

150 ## - HEADING--TOPICAL TERM

  • Topical term or geographic name as entry element: Literature

670 ## - SOURCE DATA FOUND

  • Source citation: Work cat.: (dpl): Ramakrishnan, Kadammanitta 6056, The cat is my grief today and other poems /, 2009

670 ## - SOURCE DATA FOUND

  • Source citation: Work cat.: (dpl): Ramakrishnan, Kadammanitta 6056, The cat is my grief today and other poems /, 2009

© Delhi Public Library
Hit Counter
free hit counter